000 00471nam a2200097Ia 4500
008 180130s9999 xx 000 0 und d
245 _cEckert, Tanya L.; Koenig, Elizabeth A.; Hier, Bridget O.; Arbolino, Lauren A.
_aThe role of teacher perspectives in diagnostic and program evaluation of academic skills
260 _c2013
300 _aBook title: Assessment for intervention : a problem-solving approach--Acession number C17203; pages 62-76
650 _aSCHOOL PSYCHOLOGY
999 _c353708
_d353708